| 000 | 00552nam a2200157 i 4500 | ||
|---|---|---|---|
| 001 | 55382 | ||
| 003 | ES-MaACL | ||
| 007 | t| | ||
| 008 | 030918s1909 sz ||||1| fre d | ||
| 100 | 1 |
_aDeonna, Waldemar. _943747 |
|
| 245 | 1 | 4 |
_aLes "Apollons Archaïgues" _b: etude sur le type masculin de la hatuaire grecque au VIme siècle avant notre ere / _cWaldemar Deonna ; preface de M. Henri Lechat. |
| 260 |
_aGeneve : _bGeorg & Ce., _c1909. |
||
| 300 |
_aXII, 407 p., 9 lám. ; _c32 cm. |
||
| 700 | 1 |
_aLechat, M. Henri. _971069 |
|
| 852 |
_aES-MaACL _jG-6921 |
||
| 999 |
_c55382 _d55382 |
||